000 00555nam a22001815i 4500
001 48769
003 ES-MaACL
005 20251110063219.0
007 t|
008 950731s1880 fr ||||1| fre d
040 _aCAM
_bspa
_cCAM
100 1 _aDidon, Henri,
_d1840-1900
_944522
245 1 0 _aIndissolubilité et divorce
_b: conférences de Saint-Philippe du Roule... /
_cLe P. Didon.
260 _aParis :
_bE. Dentu,
_c1880 (
_fPaul Dupont)
300 _a[4], LXXV, 235 p. ;
_c18 cm.
852 _aES-MaACL
_jC-672
999 _c48769
_d48769